Countries With The Most People Detained By ICE - Statistics

General Stats
  • This quiz has been taken 43 times
  • The average score is 24 of 30
Answer Stats
Total Country % Correct
209,410 Mexico
97%
79,200 Venezuela
94%
13,200 Argentina
91%
40,460 Brazil
91%
101,520 Colombia
91%
18,630 Panama
91%
21,790 Chile
89%
59,850 Cuba
86%
42,340 Dominican Republic
86%
84,590 Honduras
86%
57,390 Peru
86%
48,500 Russia
86%
35,000 China
83%
71,760 Ecuador
83%
76,330 El Salvador
83%
95,330 Guatemala
83%
55,450 India
83%
22,780 Jamaica
83%
90,720 Nicaragua
83%
15,430 Bolivia
77%
15,000 Canada
77%
63,500 Haiti
77%
9,350 Paraguay
77%
16,900 Costa Rica
74%
73,100 Nigeria
69%
12,000 Vietnam
66%
26,320 Philippines
57%
5,500 Syria
57%
20,000 Ethiopia
54%
13,450 Ghana
37%
No matching quizzes found
Score Distribution
Percent of People with Each Score
Percentile by Number Answered
Your Score History
You have not taken this quiz